Statistics for Dirty Diana - Michael Jackson - All Lyrics

Click here to take the quiz!

General Stats

  • This quiz has been taken 46 times
  • The average score is 320 of 387

Answer Stats

Answer% Correct
Diana
100%
Diana,
100%
Dirty
100%
-iana
100%
-iana,
100%
A
95%
a
95%
be!
95%
be
95%
be?
95%
do
95%
eyes
95%
(Hey,
95%
I
95%
"I
95%
me?”
95%
me"
95%
me
95%
no,
95%
no)
95%
no
95%
you-)
95%
you
95%
because
91%
go
91%
in
91%
(Oh,
91%
oh,
91%
She
91%
that
91%
that,
91%
the
91%
to
91%
when
91%
am
86%
come
86%
for
86%
have
86%
need"
86%
on
86%
want
86%
weight
86%
with
86%
at
82%
At
82%
'Cause
82%
don't
82%
"He's
82%
he's
82%
I'm
82%
"I'm
82%
let
82%
make
82%
said,
82%
said
82%
say
82%
sleeping
82%
so
82%
So
82%
what
82%
Who
82%
who
82%
your
82%
baby,
77%
"Baby,
77%
back"
77%
back
77%
But
77%
carefree
77%
door
77%
(Hey,
77%
Hey,
77%
hey)
77%
looked
77%
"My
77%
not
77%
phone
77%
see
77%
star"
77%
that's
77%
"That's
77%
thing
77%
won't
77%
alright"
73%
can
73%
coming
73%
deep
73%
down
73%
Every
73%
every
73%
freak
73%
her
73%
home
73%
If
73%
I’ll
73%
just
73%
never
73%
of
73%
okay
73%
please
73%
says
73%
She’s
73%
She's
73%
tonight
73%
tonight”
73%
up
73%
Why
73%
worried
73%
all
68%
and
68%
baby's
68%
band
68%
before
68%
call
68%
didn't
68%
key”
68%
know
68%
life
68%
probably
68%
saying
68%
Saying,
68%
stay
68%
take
68%
they
68%
This
68%
tired,
68%
was
68%
You'll
68%
been
64%
care
64%
everything
64%
far
64%
forgot
64%
knows
64%
man
64%
move
64%
off
64%
stuff
64%
time,
64%
too
64%
town
64%
turning
64%
unlock
64%
backstage
59%
But
59%
"But
59%
fan,
59%
(Hey,
59%
I’ve
59%
musician's
59%
ran
59%
seduce
59%
after
55%
alone
55%
blind
55%
boys
55%
comes
55%
curtain
55%
here
55%
likes
55%
prestige
55%
promise
55%
"There's
55%
those
55%
times
55%
walked
55%
yours
55%
fame
50%
fortune
50%
waits
50%
hate
45%
It’s
45%
doors
41%
heart
41%
night-loving
41%
real
41%
touching
41%
taunt
36%
start
32%
trapped
32%

Score Distribution

Percentile by Number Answered

Percent of People with Each Score

Your Score History

You have not taken this quiz